000 02819 a2200229 4500
001 252
005 20260407155417.0
008 260407a2009 arg spa d
003 AR-UNSa-BCEJYS
040 _aAR-UNSa-BCEJYS
_bspa
_cAR-UNSa-BCEJYS
080 _a658.15
_xAdministración financiera privada. Gestión financiera de empresas
245 1 0 _aDecisiones Financieras
020 _a978-987-615-067-5
250 _a6a. ed
264 1 _aBuenos Aires :
_bPearson Educación
_c2009
300 _axxiv, 912 p.
_c27 cm
505 _a1. Alcances y objetivos de las finanzas 2. Sistemas financieros 3. Valor tiempo del dinero 4. Mercados financieros y valor presente neto 5. Elementos de valuación 6. Criterios para el análisis de inversiones 7. Valor presente neto Vs. Tasa de rentabilidad 8. Definición del flujo de fondos 9. Riesgo y opciones en el análisis de inversiones 10. Teoría del portafolio 11. La teoría del mercado de capitales y el modelo de fijación de precios de activos de capital 12. Otros modelos de fijación de precios 13. El rendimiento requerido para las inversiones 14. Las decisiones de financiamiento y la hipótesis de mercados eficientes 15. Los elementos del análisis de decisiones de financiamiento 16. Costo de las deudas 17. Leasing 18. El leverage y sus efectos 19. Teoría de la estructura financiera 20. El endeudamiento óptimo 21. Factores que influyen en la política de dividendos 22. Los dividendos y su relación con inversiones y financiamiento 23. Valor agregado económico 24. Valuación de empresas 25. Administración del riesgo y creación de valor 26. Condiciones de paridad en las finanzas internacionales y Forwards 27. Futuros 28. Swaps 29. Opciones 30. La administración del efectivo 31. Administración de créditos e inventarios 32. Contabilidad y finanzas 33. Liquidez e insolvencia 34. Algoritmos de diagnóstico financiero 35. Técnicas de análisis para los diagnósticos financieros 36. Instrumentos de planificación financiera 37. Países y mercados emergentes 38. Crisis financieras en países emergentes 39. Valuación de empresas en países emergentes 40. Decisiones financieras en países emergentes 41. Asignación de activos (asset allocation) 42. Activos financieros de renta fija 43. Fondos de inversión 44. Hedge Funds 45. Finanzas comportamentales (behavioural finance) 46. Reestructuración financiera de empresas 47. Finanzas de entidades sin objetivos de lucro 48. Administración financiera internacional 49. Financiamiento de proyectos 50. las finanzas en tiempos de la economía del conocimiento y la innovación
942 _cBK
590 _aniveau_biblio:m niveau_hierar:0
100 1 _aPascale, Ricardo
856 4 1 _uhttps://biblioeco.unsa.edu.ar/pmb/images/libros/Decisiones Financieras 2.jpg
_yImagen de portada
_qimage/jpeg
999 _c167
_d167